Criminologa̕ pedagg̤ica Manual, herramientas y metodologa̕ de enseąnza para el docente /

Bibliographic Details
Main Author: Salgado Garca̕, Agustn̕
Format: eBook
Language:Spanish
Published: Lima: Universidad de San Martin de Porres, 2020
Subjects:
Online Access:Acceso restringido

MARC

LEADER 00000nam a22000007a 4500
005 2020080608228.0
007 cr|||| ||||
008 200806s2020 pe |||||s|||| 00||0 spa d
020 |a 978-612-4460-17-3 
035 |a 32063 
040 |a vLex 
090 |c 10723  |d 10723 
100 1 |a Salgado Garca̕, Agustn̕ 
245 1 0 |a Criminologa̕ pedagg̤ica  |h [Recurso electrn̤ico] :  |b Manual, herramientas y metodologa̕ de enseąnza para el docente /  |c Agustn̕ Salgado Garca̕ 
256 |a Servicio en ln̕ea 
260 |a Lima:  |b Universidad de San Martin de Porres,  |c 2020 
300 |a 1 recurso electrn̤ico 
506 1 |a Disponible solo en los productos indicados  |d vLex Global  |d vLex Global (Academic Edition, excluding Law Schools)  |d vLex Global (U.S. Academic Edition, Law Schools)  |d vLex Global (U.S. Academic Edition, excluding Law Schools)  |d vLex Global (Academic Edition, Law Schools) 
650 0 4 |a Educacin̤  |z Per︢ 
650 0 4 |a Derecho Pb︢lico y Administrativo  |z Per︢ 
740 0 |a vLex Libros (Servicio en ln̕ea) 
856 4 0 |u http://vlex.com/source/criminologia-pedagogica-manual-herramientas-y-metodologia-de-ense-anza-para-el-docente-32063  |z Acceso restringido 
942 |c BOOK 
999 0 |a Education 
999 0 |a Public and Administrative Law